000 00370nam a2200157Ia 4500
003 Ost
005 20260225132550.0
008 260225s9999||||xx |||||||||||||| ||und||
040 _cfsic
041 _afre
082 _a440
100 _aPatrick Gérard
_eAuteur
245 0 _aQue suis-je?le président des Etats Unis /
245 0 _cPatrick Gérard
942 _cكتاب
999 _c34088
_d34088